Espace civil, espace religieux en Égée durant la période mycénienne : approches épigraphique, linguistique et archéologique : actes des journées d'archéologie et de philologie mycéniennes tenues à la Maison de l'Orient et de la Méditerranée-Jean Pouilloux les 1er février 2006 et 1er mars 2007 /

محفوظ في:

مؤلفون آخرون: Boehm, Isabelle., Müller-Celka, Sylvie.

التنسيق: كتاب

اللغة: French
English

منشور في: Paris : Maison de l'Orient et de la Méditerranée, 2010.

سلاسل: Travaux de la Maison de l'Orient ; 54.

الموضوعات:

الوسوم: إضافة وسم

لا توجد وسوم, كن أول من يضع وسما على هذه التسجيلة!

رقم الطلب: DF220.5 .E873 2010

LEADER 01466namaa2200349 4500
001 21809
003 OSt
005 20251224120342.0
008 130303s2010 fr a b 101 0 fre d
010 |a 2010503831 
020 |a 9782356680129 
040 |c ARCE Library 
041 0 |a fre  |a eng 
043 |a e-gr--- 
050 4 |a DF220.5 .E873 2010 
245 0 0 |a Espace civil, espace religieux en Égée durant la période mycénienne :   |b approches épigraphique, linguistique et archéologique : actes des journées d'archéologie et de philologie mycéniennes tenues à la Maison de l'Orient et de la Méditerranée-Jean Pouilloux les 1er février 2006 et 1er mars 2007 /   |c édités par Isabelle Boehm et Sylvie Müller-Celka. 
264 1 |a Paris :  |b Maison de l'Orient et de la Méditerranée,  |c 2010. 
300 |a 220 pages :   |b illustrations (some color) ;   |c 30 cm.  
490 1 |a Travaux de la Maison de l'Orient ;   |v 54. 
504 |a Includes bibliographical references and indexes. 
546 |a Text in French and English. 
555 |a wafaa.lib 
650 0 |a Civilization, Mycenaean  |v Congresses. 
650 0 |a Public spaces  |z Aegean Sea Region  |v Congresses. 
650 0 |a Sacred space  |z Aegean Sea Region  |v Congresses. 
650 0 |a Inscriptions, Linear B  |v Congresses. 
700 1 |a Boehm, Isabelle. 
700 1 |a Müller-Celka, Sylvie. 
830 0 |a Travaux de la Maison de l'Orient ;   |v 54. 
901 |a reviewed 
942 |c BK  |2 lcc 
999 |c 21429  |d 21429